[Event "36. Copenhagen Open (Politiken Cup)"]
[Site "Elsinore"]
[Date "2014.07.29"]
[Round "10"]
[White "Derakhshani, Dorsa"]
[Black "Salomon, Johan"]
[Result "1/2-1/2"]
[WhiteElo "2169"]
[BlackElo "2346"]
[PlyCount "88"]
[EventDate "2014.07.21"]
[EventType "swiss"]
[EventRounds "10"]
[EventCountry "DEN"]
[Source "ChessBase"]
[SourceDate "2014.08.29"]

1. e4 e5 2. Nf3 Nc6 3. d4 exd4 4. Nxd4 Bc5 5. Nb3 Bb6 6. Nc3 Nf6 7. Qe2 O-O 8.
Bg5 Nd4 9. Qd2 Nxb3 10. axb3 h6 11. Be3 Bxe3 12. Qxe3 Re8 13. O-O-O d6 14. f3
Qe7 15. g4 Qe5 16. h4 g5 17. hxg5 hxg5 18. Bc4 Be6 19. Bxe6 fxe6 20. Ne2 Kg7
21. Kb1 a5 22. Ng3 Rh8 23. Nh5+ Nxh5 24. gxh5 Kh6 25. Rdg1 Rhf8 26. Rh4 Rf7 27.
Rhg4 Rg8 28. Qf2 Rgg7 29. Qa7 Rxf3 30. Qb8 Qf6 31. Qh8+ Rh7 32. Qg8 Rf1+ 33.
Rxf1 Qxf1+ 34. Ka2 Qf6 35. Qe8 Rh8 36. Qd7 Rh7 37. Qe8 b6 38. Rg3 Qf7 39. Qd8
Qf4 40. Qg8 Rg7 41. Qh8+ Rh7 42. Qg8 Rg7 43. Qh8+ Rh7 44. Qg8 Rg7 1/2-1/2

[Event "36. Copenhagen Open (Politiken Cup)"]
[Site "Elsinore"]
[Date "2014.07.29"]
[Round "10"]
[White "Djurhuus, Eivind X"]
[Black "Matthiesen, Martin"]
[Result "0-1"]
[WhiteElo "2079"]
[BlackElo "2316"]
[PlyCount "52"]
[EventDate "2014.07.21"]
[EventType "swiss"]
[EventRounds "10"]
[EventCountry "DEN"]
[Source "ChessBase"]
[SourceDate "2014.08.29"]

1. c4 c5 2. Nf3 Nc6 3. Nc3 g6 4. e3 Nf6 5. d4 cxd4 6. exd4 d5 7. cxd5 Nxd5 8.
Qb3 Nxc3 9. Bc4 Nd5 10. Bxd5 e6 11. Bxc6+ bxc6 12. O-O Be7 13. Bh6 Qd5 14. Qe3
f6 15. Qf4 g5 16. Qg3 Rg8 17. h4 Rg6 18. hxg5 fxg5 19. Qh2 Bd6 20. Qh5 g4 21.
Ne5 Bb7 22. Bf4 c5 23. Qh2 Bxe5 24. Bxe5 g3 25. Qh3 Rh6 26. Qxg3 Rg6 0-1

[Event "36. Copenhagen Open (Politiken Cup)"]
[Site "Elsinore"]
[Date "2014.07.29"]
[Round "10"]
[White "Eckhardt, Lars H"]
[Black "Louis, Thibault"]
[Result "1/2-1/2"]
[WhiteElo "2072"]
[BlackElo "2249"]
[PlyCount "88"]
[EventDate "2014.07.21"]
[EventType "swiss"]
[EventRounds "10"]
[EventCountry "DEN"]
[Source "ChessBase"]
[SourceDate "2014.08.29"]

1. d4 e6 2. c4 Nf6 3. Nf3 d5 4. cxd5 exd5 5. Nc3 c6 6. Bg5 Bb4 7. Bxf6 Qxf6 8.
e3 O-O 9. Rc1 Bd6 10. Be2 Re8 11. O-O Nd7 12. Qc2 Nf8 13. e4 Bf4 14. e5 Qg6 15.
Qxg6 Nxg6 16. Rcd1 f6 17. g3 Bh6 18. exf6 gxf6 19. Bd3 Bh3 20. Rfe1 Kf7 21. Bf1
Bf5 22. Bg2 Bc2 23. Rxe8 Rxe8 24. Re1 Bf5 25. Rxe8 Kxe8 26. Kf1 Bc1 27. b3 Kd7
28. Ke2 Bh6 29. Ne1 Nf8 30. f4 Ne6 31. Ke3 Kd6 32. Nd3 b6 33. Nf2 Bg6 34. b4
Bg7 35. Ne2 Bb1 36. Nc3 Bc2 37. Ne2 Bb1 38. a3 Bg6 39. Nd1 Nc7 40. g4 Nb5 41.
f5 Bf7 42. a4 Na3 43. Kd3 Nc4 44. Nec3 Bh6 1/2-1/2

[Event "36. Copenhagen Open (Politiken Cup)"]
[Site "Elsinore"]
[Date "2014.07.29"]
[Round "10"]
[White "Edouard, Romain"]
[Black "Ly, Moulthun"]
[Result "0-1"]
[WhiteElo "2679"]
[BlackElo "2466"]
[PlyCount "114"]
[EventDate "2014.07.21"]
[EventType "swiss"]
[EventRounds "10"]
[EventCountry "DEN"]
[Source "ChessBase"]
[SourceDate "2014.08.29"]

1. e4 c5 2. Nf3 e6 3. d4 cxd4 4. Nxd4 Nc6 5. Nc3 Qc7 6. Be2 a6 7. O-O b5 8.
Nxc6 dxc6 9. Qd3 Bb7 10. Rd1 e5 11. Qg3 Nf6 12. a3 Bc8 13. Kh1 h5 14. Bg5 Be6
15. h3 Be7 16. f4 h4 17. Qf2 exf4 18. Bxf4 Qa7 19. Be3 Qc7 20. Bf4 Qa7 21. Qe1
Nh5 22. Bxh5 Rxh5 23. Qe2 g6 24. Bh2 Kf8 25. e5 Rf5 26. Ne4 Kg7 27. Bg1 Qc7 28.
Nd6 Rh5 29. Bc5 Kg8 30. Rd4 Bf8 31. Rf1 Bg7 32. Re4 Bd5 33. e6 fxe6 34. Rxe6
Rg5 35. Rf2 Qd7 36. Re7 Qxh3+ 37. Kg1 Bf8 38. Ne4 Bxe4 39. Qxe4 Qg4 40. Rf4
Qd1+ 41. Kh2 Qd5 42. Rxf8+ Rxf8 43. Qxd5+ Rxd5 44. b4 Rxc5 45. bxc5 Rf5 46. Re6
Rxc5 47. Rxg6+ Kf7 48. Rg4 Rxc2 49. Rxh4 a5 50. a4 Rc4 51. Rh6 b4 52. Rh5 b3
53. Rxa5 Rb4 54. Rf5+ Ke6 55. Rf1 b2 56. Rb1 Kd5 57. a5 Kc4 0-1

[Event "36. Copenhagen Open (Politiken Cup)"]
[Site "Elsinore"]
[Date "2014.07.29"]
[Round "10"]
[White "Edwardsson, Hannu Kalervo"]
[Black "Hagen, Thorolf"]
[Result "0-1"]
[WhiteElo "1455"]
[BlackElo "1658"]
[PlyCount "62"]
[EventDate "2014.07.21"]
[EventType "swiss"]
[EventRounds "10"]
[EventCountry "DEN"]
[Source "ChessBase"]
[SourceDate "2014.08.29"]

1. e4 e5 2. Nf3 Nc6 3. Be2 Nf6 4. d3 Bc5 5. O-O O-O 6. c4 Re8 7. Be3 Qe7 8. Nc3
Bxe3 9. fxe3 d6 10. Nd5 Qd8 11. Nxf6+ Qxf6 12. d4 Qh6 13. Qd2 exd4 14. exd4
Qxd2 15. Nxd2 Nxd4 16. Bd3 Bg4 17. Kh1 Be2 18. Bxe2 Nxe2 19. Rf2 Nd4 20. Rc1
Re5 21. b4 c5 22. b5 b6 23. h3 Rae8 24. Kh2 f5 25. exf5 Rxf5 26. Rxf5 Nxf5 27.
Nf3 h6 28. Re1 Rxe1 29. Nxe1 Ne3 30. Nd3 Nxc4 31. Nf4 Na3 0-1

[Event "36. Copenhagen Open (Politiken Cup)"]
[Site "Elsinore"]
[Date "2014.07.29"]
[Round "10"]
[White "Eriksson, Christian Altenburg"]
[Black "Brouwer, Rein"]
[Result "1/2-1/2"]
[WhiteElo "2153"]
[BlackElo "2035"]
[PlyCount "65"]
[EventDate "2014.07.21"]
[EventType "swiss"]
[EventRounds "10"]
[EventCountry "DEN"]
[Source "ChessBase"]
[SourceDate "2014.08.29"]

1. e4 c5 2. c3 Nf6 3. e5 Nd5 4. d4 cxd4 5. Nf3 e6 6. cxd4 d6 7. Bc4 Be7 8. O-O
O-O 9. Qe2 b6 10. Nc3 Nxc3 11. bxc3 Bb7 12. Bf4 dxe5 13. Nxe5 Nd7 14. Nf3 Nf6
15. Bd3 Rc8 16. Bd2 Qd5 17. Rfe1 Qh5 18. Ne5 Qxe2 19. Rxe2 Rfd8 20. a4 Nd5 21.
Rc1 Rc7 22. h3 Bd6 23. Be4 Bxe5 24. Bxd5 Rxd5 25. Rxe5 Rxe5 26. dxe5 Rc4 27. a5
b5 28. a6 Bxa6 29. Be3 Bb7 30. Bxa7 h6 31. Rb1 Ra4 32. Bd4 Bc6 33. Kh2 1/2-1/2

[Event "36. Copenhagen Open (Politiken Cup)"]
[Site "Elsinore"]
[Date "2014.07.29"]
[Round "10"]
[White "Eriksson, Kristian"]
[Black "Thuesen, Mogens Henrik"]
[Result "1-0"]
[WhiteElo "2058"]
[BlackElo "2196"]
[PlyCount "57"]
[EventDate "2014.07.21"]
[EventType "swiss"]
[EventRounds "10"]
[EventCountry "DEN"]
[Source "ChessBase"]
[SourceDate "2014.08.29"]

1. e4 c5 2. Nf3 Nc6 3. d4 cxd4 4. Nxd4 Nf6 5. Nc3 e5 6. Ndb5 d6 7. Bg5 a6 8.
Na3 b5 9. Naxb5 axb5 10. Bxb5 Bb7 11. Bxf6 gxf6 12. O-O Bg7 13. Nd5 O-O 14. Bd3
Ne7 15. Ne3 f5 16. exf5 e4 17. Bc4 d5 18. Qg4 Kh8 19. Rad1 Qa5 20. Qh4 Rfe8 21.
f6 dxc4 22. Rd7 Ng6 23. fxg7+ Kxg7 24. Qh3 Bc8 25. Nf5+ Kg8 26. Nh6+ Kg7 27.
Rxf7+ Kh8 28. Nf5 Nf8 29. Qh6 1-0

[Event "36. Copenhagen Open (Politiken Cup)"]
[Site "Elsinore"]
[Date "2014.07.29"]
[Round "10"]
[White "Evertsson, Lennart"]
[Black "Astrom, Lars"]
[Result "0-1"]
[WhiteElo "2196"]
[BlackElo "1939"]
[PlyCount "74"]
[EventDate "2014.07.21"]
[EventType "swiss"]
[EventRounds "10"]
[EventCountry "DEN"]
[Source "ChessBase"]
[SourceDate "2014.08.29"]

1. e4 c5 2. Nf3 Nc6 3. Bc4 g6 4. O-O Bg7 5. Re1 e6 6. Nc3 Nge7 7. d3 O-O 8. a3
a6 9. Ba2 d5 10. Bg5 d4 11. Nb1 h6 12. Bxe7 Qxe7 13. e5 b5 14. a4 Qc7 15. Qe2
bxa4 16. Na3 Rb8 17. c3 dxc3 18. bxc3 Na5 19. Rac1 Bb7 20. Nd2 Nb3 21. Bxb3
axb3 22. Nac4 Bd5 23. Rb1 Bxc4 24. Nxc4 a5 25. Ra1 Ra8 26. Ra4 Rfb8 27. f4 Bf8
28. Rea1 Rb5 29. Qe4 Rab8 30. Nb2 c4 31. Rxc4 Rc5 32. Kf1 Rxc4 33. Nxc4 a4 34.
Rxa4 b2 35. Nxb2 Rxb2 36. Qd4 Qc6 37. Qe4 Qxc3 0-1

[Event "36. Copenhagen Open (Politiken Cup)"]
[Site "Elsinore"]
[Date "2014.07.29"]
[Round "10"]
[White "Fossan, Andreas"]
[Black "Jensen, Soren"]
[Result "1/2-1/2"]
[WhiteElo "1712"]
[BlackElo "1922"]
[PlyCount "80"]
[EventDate "2014.07.21"]
[EventType "swiss"]
[EventRounds "10"]
[EventCountry "DEN"]
[Source "ChessBase"]
[SourceDate "2014.08.29"]

1. d4 d5 2. c4 e5 3. dxe5 d4 4. Nf3 Nc6 5. a3 Nge7 6. e3 Bg4 7. Be2 d3 8. Qxd3
Qxd3 9. Bxd3 O-O-O 10. Be2 Ng6 11. Nbd2 Ngxe5 12. Nxe5 Nxe5 13. Bxg4+ Nxg4 14.
Nf3 Be7 15. Ke2 Bf6 16. Ra2 Rd6 17. h3 Ne5 18. Nxe5 Bxe5 19. Rd1 Rg6 20. g3 Re8
21. b3 b6 22. Bb2 Bd6 23. b4 f5 24. Kf3 h5 25. Rd4 c5 26. bxc5 bxc5 27. Rh4 Rh8
28. Bc3 Kd7 29. Rb2 Kc6 30. e4 f4 31. e5 fxg3 32. fxg3 Be7 33. Rf4 Re6 34. Kg2
Rd8 35. Rf3 Rd1 36. Rc2 g5 37. Rf1 Rd3 38. Rf3 Rd1 39. Rf1 Rd3 40. Rf3 Rd1
1/2-1/2

[Event "36. Copenhagen Open (Politiken Cup)"]
[Site "Elsinore"]
[Date "2014.07.29"]
[Round "10"]
[White "Fossan, Petter"]
[Black "Meier, Georg"]
[Result "0-1"]
[WhiteElo "2257"]
[BlackElo "2632"]
[PlyCount "70"]
[EventDate "2014.07.21"]
[EventType "swiss"]
[EventRounds "10"]
[EventCountry "DEN"]
[Source "ChessBase"]
[SourceDate "2014.08.29"]

1. e4 e6 2. d4 d5 3. Nd2 c5 4. exd5 Qxd5 5. Ngf3 cxd4 6. Bc4 Qd7 7. O-O Nc6 8.
Nb3 Nf6 9. Nbxd4 Nxd4 10. Nxd4 a6 11. Re1 Bc5 12. Be3 O-O 13. Nxe6 Qxd1 14.
Raxd1 Bxe6 15. Bxc5 Bxc4 16. Bxf8 Kxf8 17. f3 Be6 18. b3 Ke7 19. Kf2 b5 20. Rd4
Rc8 21. Re2 a5 22. Ke1 Rc5 23. Kd2 Nd7 24. a4 b4 25. Rd3 Ne5 26. Rde3 Kd6 27.
c4 Bxc4 28. Rxe5 Rxe5 29. bxc4 Rxe2+ 30. Kxe2 Kc5 31. Kd3 g5 32. g3 f5 33. h3
h5 34. g4 fxg4 35. fxg4 h4 0-1

[Event "36. Copenhagen Open (Politiken Cup)"]
[Site "Elsinore"]
[Date "2014.07.29"]
[Round "10"]
[White "Frederiksen Kristian, Pade"]
[Black "Rasmussen, Lars"]
[Result "0-1"]
[WhiteElo "1828"]
[BlackElo "1984"]
[PlyCount "94"]
[EventDate "2014.07.21"]
[EventType "swiss"]
[EventRounds "10"]
[EventCountry "DEN"]
[Source "ChessBase"]
[SourceDate "2014.08.29"]

1. d4 d5 2. c4 dxc4 3. Nf3 Nf6 4. e3 e6 5. Bxc4 c5 6. O-O a6 7. a4 Nc6 8. Qe2
cxd4 9. Rd1 Be7 10. Nc3 O-O 11. exd4 Nb4 12. Bg5 Nbd5 13. Ne5 Nxc3 14. bxc3 Nd5
15. Bxe7 Qxe7 16. Bxd5 exd5 17. Qa2 Be6 18. c4 dxc4 19. d5 Bd7 20. Nxc4 b5 21.
Nb6 Rab8 22. a5 Rfe8 23. Rac1 g6 24. h3 Rb7 25. d6 Qd8 26. Rc7 Be6 27. Qc2 Rb8
28. Qc6 Bf5 29. Nd7 Bxd7 30. Rxd7 Qxa5 31. Qd5 Rf8 32. Rc1 Rbd8 33. Re7 Qa3 34.
Rcc7 Qa1+ 35. Kh2 Qf6 36. Rc6 Qxe7 37. dxe7 Rxd5 38. exf8=Q+ Kxf8 39. Rxa6 Rd2
40. Rb6 Rb2 41. Kg3 Ke7 42. Kf3 b4 43. g3 b3 44. h4 h5 45. g4 hxg4+ 46. Kxg4
Rb1 47. h5 gxh5+ 0-1

[Event "36. Copenhagen Open (Politiken Cup)"]
[Site "Elsinore"]
[Date "2014.07.29"]
[Round "10"]
[White "Fricano, Paul Royal"]
[Black "Nielsen, Jorgen Lovgren"]
[Result "0-1"]
[WhiteElo "2013"]
[BlackElo "2135"]
[PlyCount "57"]
[EventDate "2014.07.21"]
[EventType "swiss"]
[EventRounds "10"]
[EventCountry "DEN"]
[Source "ChessBase"]
[SourceDate "2014.08.29"]

1. d4 f5 2. e4 fxe4 3. Nc3 Nf6 4. Bg5 c6 5. h4 d5 6. h5 Bf5 7. f3 Nbd7 8. g4
Be6 9. Bxf6 exf6 10. fxe4 dxe4 11. Nxe4 Qb6 12. Rh3 O-O-O 13. Rd3 Be7 14. Be2
f5 15. Nc3 Bh4+ 16. Kd2 Bg5+ 17. Ke1 fxg4 18. Ne4 Bh4+ 19. Kd2 Bd5 20. Nd6+ Kc7
21. Nf5 Be4 22. Nxh4 Bxd3 23. Bxd3 Qxd4 24. Nf5 Qf4+ 25. Ne3 Rhe8 26. Qe2 Ne5
27. Rf1 Nc4+ 28. Ke1 Qg3+ 29. Rf2 0-1

[Event "36. Copenhagen Open (Politiken Cup)"]
[Site "Elsinore"]
[Date "2014.07.29"]
[Round "10"]
[White "Gajic, Mladen"]
[Black "Hinrichs, Lars"]
[Result "0-1"]
[WhiteElo "2201"]
[BlackElo "2003"]
[PlyCount "67"]
[EventDate "2014.07.21"]
[EventType "swiss"]
[EventRounds "10"]
[EventCountry "DEN"]
[Source "ChessBase"]
[SourceDate "2014.08.29"]

1. d4 d5 2. c4 e6 3. Nf3 c5 4. cxd5 exd5 5. g3 Nc6 6. Bg2 Nf6 7. O-O Be7 8.
dxc5 Bxc5 9. Nbd2 O-O 10. Nb3 Bb6 11. Nbd4 Re8 12. Re1 Ne4 13. Be3 Qf6 14. Rc1
Bg4 15. Nc2 Qxb2 16. Bxb6 Nc3 17. Bd4 Nxd4 18. Qxd4 Nxe2+ 19. Rxe2 Qxc1+ 20.
Re1 Qxc2 21. Rxe8+ Rxe8 22. Qxg4 Qxa2 23. Qd7 Qb1+ 24. Bf1 Qe4 25. Ng5 Qe7 26.
Qxd5 h6 27. Nh3 Rd8 28. Qc4 g5 29. Be2 Qe6 30. Qc7 Rc8 31. Qxb7 Rc1+ 32. Bf1
Qxh3 33. Qb8+ Kh7 34. Qb5 0-1

[Event "36. Copenhagen Open (Politiken Cup)"]
[Site "Elsinore"]
[Date "2014.07.29"]
[Round "10"]
[White "Green, Per"]
[Black "Undheim, Bjarne"]
[Result "0-1"]
[WhiteElo "1984"]
[BlackElo "1870"]
[PlyCount "114"]
[EventDate "2014.07.21"]
[EventType "swiss"]
[EventRounds "10"]
[EventCountry "DEN"]
[Source "ChessBase"]
[SourceDate "2014.08.29"]

1. c4 Nc6 2. g3 Nf6 3. Bg2 d5 4. cxd5 Nxd5 5. Nc3 Nxc3 6. bxc3 e5 7. Rb1 Bc5 8.
Rb5 Qd6 9. d3 O-O 10. Nf3 a6 11. Rb1 Rb8 12. O-O Bf5 13. Ng5 Ba7 14. Qa4 Qg6
15. Ne4 Bd7 16. Ba3 Rfd8 17. Nc5 Bxc5 18. Bxc5 Qh5 19. Bf3 Qf5 20. Qa3 Be6 21.
Rfe1 Qg6 22. Rbd1 f5 23. Bg2 Bd5 24. Bxd5+ Rxd5 25. Qb3 Qf7 26. Ba3 Rd7 27. Bb2
Na5 28. Qa4 Nc6 29. d4 e4 30. e3 Rd6 31. Qb3 Na5 32. Qxf7+ Kxf7 33. Ba3 Rd7 34.
Rb1 Nc4 35. Bc1 Ke6 36. Kg2 Kd5 37. f3 Re7 38. Rf1 g5 39. Rb4 b5 40. Rb3 h5 41.
h3 Rf8 42. Re1 Ref7 43. Ba3 Re8 44. Bc1 exf3+ 45. Kxf3 Re4 46. Rb1 Rfe7 47. a4
c6 48. Ra1 R7e6 49. Ra2 f4 50. gxf4 gxf4 51. Rg1 fxe3 52. Rg5+ Kd6 53. axb5 e2
54. Rg1 e1=Q 55. Rxe1 Rxe1 56. Bf4+ Kd7 57. b6 Rf1+ 0-1

[Event "36. Copenhagen Open (Politiken Cup)"]
[Site "Elsinore"]
[Date "2014.07.29"]
[Round "10"]
[White "Greeuw, Sietske"]
[Black "Nielsen, Leo"]
[Result "1-0"]
[WhiteElo "1949"]
[BlackElo "1737"]
[PlyCount "51"]
[EventDate "2014.07.21"]
[EventType "swiss"]
[EventRounds "10"]
[EventCountry "DEN"]
[Source "ChessBase"]
[SourceDate "2014.08.29"]

1. e4 c5 2. Nf3 Nc6 3. d4 cxd4 4. Nxd4 a6 5. c4 e6 6. Be3 Bb4+ 7. Nc3 Qa5 8.
Qc2 Nge7 9. Nb3 Bxc3+ 10. bxc3 Qc7 11. Be2 O-O 12. O-O f5 13. f3 f4 14. Bf2 b6
15. Rab1 Bb7 16. Nd2 Nc8 17. Rb2 d5 18. Rfb1 dxe4 19. Nxe4 Ne5 20. Ng5 Rf5 21.
Nxe6 Qf7 22. Nd8 Qh5 23. Nxb7 Rg5 24. Qe4 Qh3 25. Qd5+ Nf7 26. Qxg5 1-0

[Event "36. Copenhagen Open (Politiken Cup)"]
[Site "Elsinore"]
[Date "2014.07.29"]
[Round "10"]
[White "Hagesaether, Arne"]
[Black "Jogvansson, Hjalti Toftum"]
[Result "1-0"]
[WhiteElo "2145"]
[BlackElo "1944"]
[PlyCount "51"]
[EventDate "2014.07.21"]
[EventType "swiss"]
[EventRounds "10"]
[EventCountry "DEN"]
[Source "ChessBase"]
[SourceDate "2014.08.29"]

1. e4 d5 2. exd5 Qxd5 3. Nf3 Nf6 4. Be2 b6 5. d4 Bb7 6. c4 Qd8 7. Nc3 e6 8. O-O
Be7 9. Qc2 O-O 10. Rd1 Qc8 11. Bg5 Rd8 12. Rd2 h6 13. Bh4 c5 14. Rad1 cxd4 15.
Nxd4 Nc6 16. Ndb5 Rxd2 17. Qxd2 Ne5 18. Nd6 Bxd6 19. Qxd6 Nxc4 20. Qd4 b5 21.
Bxf6 gxf6 22. Qxf6 Nxb2 23. Rd4 Qf8 24. Rg4+ Kh7 25. Nd1 h5 26. Rg5 1-0

[Event "36. Copenhagen Open (Politiken Cup)"]
[Site "Elsinore"]
[Date "2014.07.29"]
[Round "10"]
[White "Hallerod, Ralph"]
[Black "Thybo, Thomas Sondergaard"]
[Result "1-0"]
[WhiteElo "2126"]
[BlackElo "1525"]
[PlyCount "55"]
[EventDate "2014.07.21"]
[EventType "swiss"]
[EventRounds "10"]
[EventCountry "DEN"]
[Source "ChessBase"]
[SourceDate "2014.08.29"]

1. d4 Nf6 2. c4 e5 3. dxe5 Ng4 4. e4 Nxe5 5. a3 a5 6. f4 Ng6 7. Be3 b6 8. Nc3
Bb7 9. Nf3 Na6 10. Bd3 Bc5 11. Qe2 O-O 12. h4 Bxe3 13. Qxe3 Nc5 14. O-O-O Re8
15. h5 Nf8 16. f5 h6 17. Bc2 Nh7 18. Qf4 Rc8 19. e5 Qe7 20. f6 gxf6 21. Qxh6
Nf8 22. Rh3 Bxf3 23. Rg3+ Ng6 24. Bxg6 fxg6 25. Rxg6+ Kf7 26. Rg7+ Ke6 27.
Rxe7+ Kf5 28. Qxf6+ 1-0

[Event "36. Copenhagen Open (Politiken Cup)"]
[Site "Elsinore"]
[Date "2014.07.29"]
[Round "10"]
[White "Hansen, Max"]
[Black "Ivarsson, Torbjorn"]
[Result "0-1"]
[WhiteElo "2009"]
[BlackElo "2131"]
[PlyCount "74"]
[EventDate "2014.07.21"]
[EventType "swiss"]
[EventRounds "10"]
[EventCountry "DEN"]
[Source "ChessBase"]
[SourceDate "2014.08.29"]

1. d4 Nf6 2. Nf3 c5 3. e3 e6 4. Bd3 d5 5. c3 Nbd7 6. Nbd2 Be7 7. O-O b6 8. e4
dxe4 9. Nxe4 Bb7 10. Nxf6+ Bxf6 11. dxc5 Nxc5 12. Bb5+ Ke7 13. Bf4 a6 14. Be2
Rc8 15. Ne5 g5 16. Bg3 Ne4 17. Nc4 b5 18. Qb3 Kf8 19. Rad1 Bd5 20. Rxd5 Qxd5
21. Nb6 Qxb3 22. axb3 Rd8 23. Bc7 Rd2 24. Bf3 Nc5 25. Re1 Kg7 26. h4 h6 27. Bc6
Nd3 28. Re3 Rd1+ 29. Kh2 Nxf2 30. Kg3 Rd2 31. Nd7 gxh4+ 32. Kf3 Bg5 33. Be5+ f6
34. Bd4 e5 35. Nxe5 Nd1 36. Re4 Rc8 37. Bd7 Rd8 0-1

[Event "36. Copenhagen Open (Politiken Cup)"]
[Site "Elsinore"]
[Date "2014.07.29"]
[Round "10"]
[White "Hansen, Tommy"]
[Black "Hyldkrog, Lars"]
[Result "0-1"]
[WhiteElo "1797"]
[BlackElo "1963"]
[PlyCount "50"]
[EventDate "2014.07.21"]
[EventType "swiss"]
[EventRounds "10"]
[EventCountry "DEN"]
[Source "ChessBase"]
[SourceDate "2014.08.29"]

1. e4 e6 2. Nf3 d5 3. Nc3 Bb4 4. e5 c5 5. a3 Bxc3 6. bxc3 Ne7 7. d4 Bd7 8. Bd3
Ba4 9. O-O Qa5 10. c4 dxc4 11. Bxc4 Qc3 12. Bxe6 fxe6 13. Bd2 Qxc2 14. Qe2 cxd4
15. Rfc1 Qg6 16. Nxd4 Nbc6 17. Qc4 Nxd4 18. Qxa4+ Ndc6 19. Rc3 O-O 20. Rg3 Qf5
21. f4 Rad8 22. Rg5 Qd3 23. Rd1 Qd4+ 24. Qxd4 Rxd4 25. g3 Rfd8 0-1

[Event "36. Copenhagen Open (Politiken Cup)"]
[Site "Elsinore"]
[Date "2014.07.29"]
[Round "10"]
[White "Hansen, Verner"]
[Black "Andersen, Morten"]
[Result "0-1"]
[WhiteElo "1888"]
[BlackElo "2143"]
[PlyCount "106"]
[EventDate "2014.07.21"]
[EventType "swiss"]
[EventRounds "10"]
[EventCountry "DEN"]
[Source "ChessBase"]
[SourceDate "2014.08.29"]

1. e4 c5 2. Nc3 d6 3. g3 Nc6 4. Bg2 g6 5. f4 Bg7 6. Nf3 e6 7. O-O Nge7 8. d3
O-O 9. Be3 b6 10. Rb1 d5 11. Bf2 d4 12. Ne2 Ba6 13. a3 f5 14. e5 Nd5 15. Qd2
Qd7 16. c4 dxc3 17. bxc3 c4 18. d4 Na5 19. Nc1 Bb7 20. Ne1 Ne7 21. Nc2 Bxg2 22.
Kxg2 Nd5 23. Ne3 Rfb8 24. Rd1 Bf8 25. Qb2 Qa4 26. Nxd5 exd5 27. Na2 Bxa3 28.
Qb5 Qxb5 29. Rxb5 Rd8 30. h3 Kf7 31. Rbb1 Ke6 32. g4 Be7 33. Nb4 Bxb4 34. Rxb4
Nb3 35. Ra4 a5 36. Be1 b5 37. Ra2 fxg4 38. hxg4 h5 39. Kf3 hxg4+ 40. Kxg4 Rh8
41. Bh4 b4 42. Be1 bxc3 43. Bxc3 Rh5 44. Rg1 Rah8 45. Kf3 Rh3+ 46. Rg3 Rxg3+
47. Kxg3 Kf5 48. Re2 Nc1 49. Re3 a4 50. Bb4 Nd3 51. Ba3 Nxf4 52. Kf2 Rh2+ 53.
Kf1 Rh3 0-1

[Event "36. Copenhagen Open (Politiken Cup)"]
[Site "Elsinore"]
[Date "2014.07.29"]
[Round "10"]
[White "Haug, Johannes"]
[Black "Englert, Fabian"]
[Result "1/2-1/2"]
[WhiteElo "2136"]
[BlackElo "2304"]
[PlyCount "40"]
[EventDate "2014.07.21"]
[EventType "swiss"]
[EventRounds "10"]
[EventCountry "DEN"]
[Source "ChessBase"]
[SourceDate "2014.08.29"]

1. e4 e5 2. Nf3 d6 3. d4 exd4 4. Nxd4 Nf6 5. Nc3 Be7 6. Be2 O-O 7. O-O Re8 8.
Re1 Bf8 9. Bf1 Nbd7 10. Bg5 h6 11. Bh4 c6 12. Qd2 Ne5 13. f3 Be7 14. Rad1 Qc7
15. a4 Bd7 16. Nb3 g5 17. Bf2 Nh5 18. Ne2 Rad8 19. Ng3 Nf4 20. Nd4 Bf8 1/2-1/2

[Event "36. Copenhagen Open (Politiken Cup)"]
[Site "Elsinore"]
[Date "2014.07.29"]
[Round "10"]
[White "Helin, Mikael"]
[Black "Carnstam, Tomas"]
[Result "1-0"]
[WhiteElo "1885"]
[BlackElo "2097"]
[PlyCount "67"]
[EventDate "2014.07.21"]
[EventType "swiss"]
[EventRounds "10"]
[EventCountry "DEN"]
[Source "ChessBase"]
[SourceDate "2014.08.29"]

1. e4 c5 2. a3 g6 3. Nc3 Bg7 4. g3 Nc6 5. Bg2 e6 6. d3 Nge7 7. Be3 Nd4 8. Nce2
d5 9. Qd2 Nec6 10. Rb1 h6 11. f4 Nxe2 12. Nxe2 d4 13. Bf2 e5 14. b4 cxb4 15.
axb4 a5 16. b5 Nb4 17. O-O exf4 18. gxf4 Bg4 19. Ng3 Rc8 20. Rb2 Bd7 21. e5
Bxb5 22. Ne4 Rc6 23. Rxb4 axb4 24. Qxb4 Ba6 25. Nf6+ Rxf6 26. exf6 Qxf6 27.
Re1+ Kd8 28. Re4 Qf5 29. Bxd4 Bf8 30. Qb6+ Kd7 31. Be5 f6 32. Qc7+ Ke6 33. Re3
fxe5 34. Rxe5+ 1-0

[Event "36. Copenhagen Open (Politiken Cup)"]
[Site "Elsinore"]
[Date "2014.07.29"]
[Round "10"]
[White "Hinrichs, Jan"]
[Black "Hector, Jonny"]
[Result "0-1"]
[WhiteElo "2124"]
[BlackElo "2483"]
[PlyCount "60"]
[EventDate "2014.07.21"]
[EventType "swiss"]
[EventRounds "10"]
[EventCountry "DEN"]
[Source "ChessBase"]
[SourceDate "2014.08.29"]

1. d4 d5 2. c4 c6 3. Nf3 Nf6 4. e3 Bf5 5. Nc3 e6 6. Nh4 Be4 7. f3 Bg6 8. Qb3
Qb6 9. Nxg6 hxg6 10. Bd2 Nbd7 11. g3 Be7 12. O-O-O Qc7 13. e4 dxe4 14. fxe4 Ng4
15. Bf4 e5 16. dxe5 Ndxe5 17. Be2 Nf2 18. Rd5 cxd5 19. Nxd5 Qd6 20. Rf1 Rxh2
21. g4 Rh1 22. Rxh1 Nxh1 23. Qh3 g5 24. Qh8+ Bf8 25. Bxg5 Nf2 26. Be7 Qh6+ 27.
Qxh6 gxh6 28. Bh4 Nfd3+ 29. Bxd3 Nxd3+ 30. Kd2 Ne5 0-1

[Event "36. Copenhagen Open (Politiken Cup)"]
[Site "Elsinore"]
[Date "2014.07.29"]
[Round "10"]
[White "Hoi, Carsten"]
[Black "Haugli, Petter"]
[Result "1-0"]
[WhiteElo "2401"]
[BlackElo "2286"]
[PlyCount "51"]
[EventDate "2014.07.21"]
[EventType "swiss"]
[EventRounds "10"]
[EventCountry "DEN"]
[Source "ChessBase"]
[SourceDate "2014.08.29"]

1. d4 d5 2. Nf3 Nf6 3. Bg5 c5 4. dxc5 e6 5. Nbd2 Bxc5 6. e3 Nc6 7. Be2 O-O 8.
O-O Be7 9. c4 h6 10. Bh4 b6 11. cxd5 Nxd5 12. Bg3 Bb7 13. Nc4 b5 14. Nce5 Nxe5
15. Nxe5 Qa5 16. Qb3 a6 17. a4 b4 18. Nc4 Qc5 19. a5 Rac8 20. Rfc1 Rfd8 21. Bf3
Qb5 22. h3 Nf6 23. Bxb7 Qxb7 24. Nb6 Rxc1+ 25. Rxc1 Nd5 26. e4 1-0

[Event "36. Copenhagen Open (Politiken Cup)"]
[Site "Elsinore"]
[Date "2014.07.29"]
[Round "10"]
[White "Holmstrom, Johan Ravnborg"]
[Black "Thomsen, Kim"]
[Result "1-0"]
[WhiteElo "1834"]
[BlackElo "1994"]
[PlyCount "85"]
[EventDate "2014.07.21"]
[EventType "swiss"]
[EventRounds "10"]
[EventCountry "DEN"]
[Source "ChessBase"]
[SourceDate "2014.08.29"]

1. d4 Nf6 2. c4 e6 3. g3 Bb4+ 4. Bd2 Bxd2+ 5. Nxd2 Nc6 6. Ngf3 d5 7. Bg2 O-O 8.
O-O Qe7 9. a3 Rd8 10. e3 a5 11. b3 Ra6 12. Qc2 e5 13. cxd5 Nxd5 14. e4 Nf6 15.
d5 Nb8 16. Nc4 Nfd7 17. Qc3 Re8 18. Nxa5 Qc5 19. Qxc5 Nxc5 20. b4 Nxe4 21. Rfe1
f5 22. Nc4 Nd7 23. Ncxe5 Nxe5 24. Nxe5 Rxe5 25. f3 Rxd5 26. fxe4 Re5 27. exf5
Rxe1+ 28. Rxe1 Kf7 29. Re3 Rd6 30. g4 Rd4 31. h3 c6 32. Kf1 h5 33. Bf3 Rd2 34.
Be2 Bd7 35. Kf2 Kf6 36. Kg3 Ra2 37. Kf4 hxg4 38. hxg4 g5+ 39. fxg6 Kxg6 40.
Bd3+ Kh6 41. g5+ Kh5 42. Re7 Rf2+ 43. Ke3 1-0